Film dont le titre commence par un P (4) - Statistiques

Statistiques générales
  • Ce quiz a été pris 5 fois
  • Le résultat moyen est 4 sur 30
Statistiques - réponses
Année Réalisateur Genre 1 acteur ou
1 actrice
Titre % Correct
2019 Bong Joon Ho Drame Song Kang-Ho Parasite
75%
2002 David Fincher Thriller Jodie Foster Panic room
50%
2008 Cédric Klapisch Comédie dramatique Pablo Klapisch Paris
50%
1984 Wim Wenders Comédie dramatique Harry Dean Stanton Paris Texas
50%
1985 Edouard Molinaro Comédie dramatique Claude Brasseur Palace
25%
2005 Valérie Lemercier Comédie Lambert Wilson Palais royal
25%
1985 Clint Eastwood Western Sydney Penny Pale rider le cavalier solitaire
25%
1969 Buzz Kulik Aventures Charles Bronson Pancho Villa
25%
2012 Reem Kherici Comédie Tarek Boudali Paris à tout prix
25%
1966 René Clément Guerre Jean-Paul Belmondo Paris brule-t-il ?
25%
1958 Jacques Rivette Comédie dramatique Betty Schneider Paris nous appartient
25%
2014 Paul King Comédie Michael Gambon Paddington
0%
1977 Nanni Moretti Comédie dramatique Fabrizio Forte Padre padrone
0%
1953 Luigi Comencini Comédie Vittorio De Sica Pain, amour et fantaisie
0%
2012 Giacomo Guernieri Comédie Giuseppe Tantillo Palerme
0%
1951 Albert Lewin Drame Ava Gardner Pandora
0%
1954 Jean-Paul Le Chanois Comédie Robert Lamoureux Papa maman la bonne et moi
0%
1955 Jean-Paul Le Chanois Comédie Nicole Courcel Papa maman ma femme et moi
0%
2015 Martin Bourboulon Comédie Marina Foïs Papa ou maman
0%
1983 Jean-Marie Poiré Comédie Jacqueline Maillan Papy fait de la résistance
0%
1929 Ernst Lubitsch Comédie Maurice Chevalier Parade d'amour
0%
1948 Charles Walters Musical Fred Astaire Parade de printemps
0%
1941 Marc Allégret Comédie Jules Berry Parade en sept nuits
0%
1935 Carl Pierson Western John Wayne Paradise Canyon
0%
2007 Oren Peli Epouvante Katie Featherston Paranormal activity
0%
1974 Dino Risi Comédie dramatique Vittorio Gassman Parfum de femme
0%
1930 Henri Diamant-Berger Comédie dramatique Marguerite Moreno Paris la nuit
0%
2012 Sophie Lellouche Comédie Patrick Bruel Paris-Manhattan
0%
1957 Stany Cordier Musical Albert Préjean Paris music-hall
0%
1984 Elie Chouraqui Comédie Christophe Lambert Paroles et musique
0%
Aucun quiz correspondant
Distribution des résultats
% des personnes avec chaque résultat
Percentile par nombre de réponses
Votre historique - résultats
Vous n’avez pas pris ce quiz